| 000 | 00845nam a22002537a 4500 | ||
|---|---|---|---|
| 999 |
_c3248 _d3248 |
||
| 003 | AR-CdUCM | ||
| 008 | 190306b ||||| |||| 00| 0 spa d | ||
| 040 |
_aMUNICIPALIDAD PROVINCIAL DEL CUSCO _cBIBLIOTECA MUNICIPAL DEL CUSCO |
||
| 082 |
_a803.08 / _bB46 |
||
| 110 |
_aDigest, Readers _910608 |
||
| 245 | _aBiblioteca de selecciones / | ||
| 260 |
_aMéxico : _bEditora san Mateo Tecoloapan, _c1969. |
||
| 300 |
_a479 paginas ; _c19 cm. |
||
| 505 | _aContenido :El gato salvaje -- La confesión de la reina -- El que se fue a la mar -- Madre tierra. | ||
| 650 |
_aLiteratura _983 |
||
| 650 |
_aColecciones _9607 |
||
| 650 |
_aHistorietas _910786 |
||
| 700 |
_aEckert, Allan W _910845 |
||
| 700 |
_aHolt, Victoria _910846 |
||
| 700 |
_aVance Marshall, James _910847 |
||
| 700 |
_aBuck, Pearl S _9446 |
||
| 942 |
_2ddc _cLIBROS |
||
| 945 | _arum | ||